The notorious benedict arnold / (Record no. 3939)
[ view plain ]
| 000 -LEADER | |
|---|---|
| fixed length control field | 00867nam a22002537a 4500 |
| 001 - CONTROL NUMBER | |
| control field | 3939 |
| 003 - CONTROL NUMBER IDENTIFIER | |
| control field | FISKH |
| 005 - DATE AND TIME OF LATEST TRANSACTION | |
| control field | 20260202101254.0 |
| 008 - FIXED-LENGTH DATA ELEMENTS--GENERAL INFORMATION | |
| fixed length control field | 240524b cb ||||| |||| 00| 0 eng d |
| 040 ## - CATALOGING SOURCE | |
| Original cataloging agency | FISK |
| Language of cataloging | eng |
| Transcribing agency | FISK |
| Modifying agency | FISK |
| 050 ## - LIBRARY OF CONGRESS CALL NUMBER | |
| Classification number | E278.A7 |
| 082 ## - DEWEY DECIMAL CLASSIFICATION NUMBER | |
| Classification number | 973.3 |
| 100 ## - MAIN ENTRY--PERSONAL NAME | |
| Personal name | Sheinkin Steve |
| Dates associated with a name | 1968- |
| 245 ## - TITLE STATEMENT | |
| Title | The notorious benedict arnold / |
| Remainder of title | A true story of adventure, heroism & treachery |
| Statement of responsibility, etc. | by Steve Sheinkin |
| 260 ## - PUBLICATION, DISTRIBUTION, ETC. | |
| Place of publication, distribution, etc. | New York : |
| Name of publisher, distributor, etc. | Scholastic , |
| Date of publication, distribution, etc. | 2012 |
| 300 ## - PHYSICAL DESCRIPTION | |
| Extent | 337 pages : |
| Dimensions | 20 cm |
| 505 ## - FORMATTED CONTENTS NOTE | |
| Formatted contents note | U<br/> |
| 520 ## - SUMMARY, ETC. | |
| Summary, etc. | An introduction to the life of Benedict Arnold that highlights not only the traitorous actions that made him legendary, but also his heroic involvement in the American Revolution.<br/> |
| 521 8# - TARGET AUDIENCE NOTE | |
| Target audience note | 990<br/> |
| Source | Lexile<br/> |
| 521 8# - TARGET AUDIENCE NOTE | |
| Target audience note | U<br/> |
| Source | Raz-Plus<br/> |
| 700 ## - ADDED ENTRY--PERSONAL NAME | |
| Personal name | Steve Sheinkin |
| 942 ## - ADDED ENTRY ELEMENTS (KOHA) | |
| Source of classification or shelving scheme | Dewey Decimal Classification |
| Koha item type | Books |
| Suppress in OPAC | No |
| Withdrawn status | Lost status | Source of classification or shelving scheme | Damaged status | Not for loan | Collection | Home library | Current library | Shelving location | Date acquired | Total Checkouts | Full call number | Barcode | Date last seen | Date last checked out | Copy number | Price effective from | Koha item type |
|---|---|---|---|---|---|---|---|---|---|---|---|---|---|---|---|---|---|
| Dewey Decimal Classification | Non-Fiction | Footprints International School Library Network Toul Tom Poung Campus | Footprints International School Library Network Toul Tom Poung Campus | TTP Secondary Non-Fiction Bookshelves | 05/24/2024 | 1 | SHE E278.A7 973.3 | 2024-0703 | 02/02/2026 | 01/05/2026 | 1 | 05/24/2024 | Books |
